000
00239nam a2200097Ia 4500
001
642751
005
20250826153532.0
008
250824s9999 xx 000 0 und d
245
0
_a
5 Utangaç Gitarist
_c
R. L. Stine
260
_b
BEYAZ BALİNA
999
_c
642751
_d
642751